000 01119nam a2200277 i 4500
001 15181
003 ES-MaACL
005 20230906151017.0
007 t|
008 000114s1999 sp ||||1| spa d
020 _a84-88006-53-5
080 _a73 Fenosa, Apel.les (1899-1988)
080 _a74 Fenosa, Apel.les (064.3)
100 1 _aFenosa, Apel.les (
_d1899-1988)
_949259
245 1 0 _aApel.les Fenosa, 1899-1988.
260 _aBarcelona :
_bMuseu Nacional d'Art de Catalunya ;
_aMadrid :
_bCentro Cultural del Conde Duque,
_c1999.
300 _a140 p. :
_bprincipalmente il. ;
_c30 cm.
500 _aExposición celebrada en el Museu d'Art Modern del MNAC, junio-agosto, Barcelona 1999 y Centro Cultural del Conde Duque, Galería del 98, septiembre-octubre, Madrid 1999.
600 1 4 _aFenosa, Apel.les (
_d1899-1988)-
_vExposiciones.
_949260
655 7 _2tgfbne
_9193628
_aCatálogos de exposiciones
710 2 _aMuseu d'Art Modern (Barcelona)
_95934
710 2 _aCentro Cultural del Conde Duque.
_92579
852 _aES-MaACL
_jL-22372
_bR.127741
942 _2udc
999 _c15181
_d15181